000 00727 a2200217 4500
001 53128
005 20260407155805.0
008 260407a1965 arg spa d
003 AR-UNSa-BCEJYS
040 _aAR-UNSa-BCEJYS
_bspa
_cAR-UNSa-BCEJYS
080 _a330.35
_xCrecimiento económico
245 1 0 _aEnsayos sobre la teoría del crecimiento económico
264 1 _aMéxico :
_bFondo de Cultura Económica
_c1965
300 _a155 p.
_c21 cm.
505 _aI. Precios normales - II. Modelo de acumulación - III. Modelo de progreso técnico - IV. Un teorema Neo-neoclásico
041 _aspa
942 _cBK
590 _aniveau_biblio:m niveau_hierar:0
100 1 _aRobinson, Joan
700 1 _aPimentel, Rubén C.
999 _c5108
_d5108